000 00639nam a2200229Ia 4500
003 OSt
005 20220928104748.0
006 a|||||r|||| 00| 0
007 ta
008 220927b |||||||| |||| 00| 0 eng d
024 _a121728
037 _cTextual
040 _aSDCL
_cSDCL
_beng
041 _2eng
_aeng
082 _aO152,3M80:g, N2 RR
100 _aJadhav Balvant Sadhu
_9411967
245 0 _aPrem Chand-sahitya me dalit chetna.
260 _aKan
_bPur Alka Prakashan
_c1992
300 _a304p
_ccm.
942 _hO152,3M80:g, N2 RR
_cTEXL
_2CC
999 _c727690
_d727690